El concierto de San Ovidio. El tragaluz

Guardat en:
Dades bibliogràfiques
Autor principal: Buero Vallejo, Antonio
Format: Llibre
Idioma:Undetermined
Publicat: Madrid, España Castalia 1985
Matèries:
Etiquetes: Afegir etiqueta
Sense etiquetes, Sigues el primer a etiquetar aquest registre!

MARC

LEADER 00000nam a2200000Ia 4500
008 170316s9999 xx 000 0 und d
040 |a cru BVZT 
090 |a 862 B-23co 
100 |a Buero Vallejo, Antonio 
245 |a El concierto de San Ovidio. El tragaluz  |c Ricardo Doménech, edición, introducción y notas 
260 |a Madrid, España 
260 |b Castalia 
260 |c 1985 
300 |a 312 páginas 
650 |a LITERATURA ESPAÑOLA 
650 |a TEATRO 
999 |c 9536  |d 9536 
942 |c 15 D  |h 862 B-23co  |2 z